[Event "Nikaia op 21st"]
[Site "Nikaia"]
[Date "2013.08.28"]
[Round "3"]
[White "Gazis, Efstathios"]
[Black "Samaras, Eleftherios"]
[Result "1/2-1/2"]
[WhiteElo "2285"]
[BlackElo "1916"]
[PlyCount "102"]
[EventDate "2013.08.26"]
[EventType "swiss"]
[EventRounds "9"]
[EventCountry "GRE"]
[SourceTitle "CBM 156 Extra"]
[Source "ChessBase"]
[SourceDate "2013.10.22"]
[SourceVersion "1"]
[SourceVersionDate "2013.10.22"]
[SourceQuality "1"]

1. e4 c6 2. d4 d5 3. Nc3 dxe4 4. Nxe4 Bf5 5. Ng3 Bg6 6. Nf3 Nd7 7. Bd3 Qc7 8. 0-0 Ngf6 9. Re1 e6 10. c4 Be7 11. b3 0-0 12. Bb2 Rfe8 13. Bxg6 hxg6 14. Qc2 Rad8 15. Rad1 b6 16. Re2 a6 17. Red2 Qb7 18. Ne4 Nxe4 19. Qxe4 Nf6 20. Qh4 b5 21. Ne5 Nd7 22. Qe4 Nxe5 23. dxe5 Qc7 24. g3 Kf8 25. Kg2 Rxd2 26. Rxd2 Rd8 27. Rxd8+ Bxd8 28. cxb5 axb5 29. a4 Qd7 30. axb5 cxb5 31. Ba3+ Be7 32. Qa8+ Qe8 33. Bxe7+ Kxe7 34. Qa3+ Kd8 35. Qa5+ Ke7 36. Qb4+ Kd8 37. Qc5 f6 38. h4 f5 39. Kf3 Qd7 40. Ke3 Ke8 41. f3 Kf7 42. g4 Ke8 43. b4 Kf7 44. Qd4 Qc7 45. Qc5 Qd7 46. Qc3 Ke8 47. Kf4 Kf7 48. h5 gxh5 49. gxh5 Qe7 50. Ke3 Qg5+ 51. Kd4 Qd8+ 1/2-1/2

[Event "Nikaia op 15th"]
[Site "Nikaia"]
[Date "2007.08.23"]
[Round "1"]
[White "Kozhuharov, Spas"]
[Black "Samaras, Eleftherios"]
[Result "1-0"]
[WhiteElo "2477"]
[BlackElo "1906"]
[PlyCount "51"]
[EventDate "2007.08.23"]
[EventType "swiss"]
[EventRounds "9"]
[EventCountry "GRE"]
[SourceTitle "CBM 120 Extra"]
[Source "ChessBase"]
[SourceDate "2007.11.01"]
[SourceVersion "1"]
[SourceVersionDate "2007.11.01"]
[SourceQuality "1"]

1. e4 c6 2. c4 d5 3. exd5 cxd5 4. cxd5 Nf6 5. Qa4+ Bd7 6. Qb3 Qc7 7. Nc3 g6 8. Bc4 Qe5+ 9. Nge2 b6 10. d4 Qf5 11. h3 Ne4 12. 0-0 Nxc3 13. bxc3 Bg7 14. Ba3 0-0 15. Bxe7 Re8 16. Ng3 Qf4 17. Rfe1 Bf5 18. d6 Nc6 19. Bxf7+ Kh8 20. Bxe8 Nxd4 21. cxd4 Bxd4 22. Nxf5 Qxf2+ 23. Kh1 Bxa1 24. Rxa1 Qxf5 25. Qc3+ Kg8 26. d7 1-0

[Event "Athens Attikis op"]
[Site "Athens"]
[Date "2006.06.04"]
[Round "4"]
[White "Makka, Evanthia"]
[Black "Samaras, Eleftherios"]
[Result "1/2-1/2"]
[WhiteElo "2046"]
[BlackElo "1927"]
[PlyCount "109"]
[EventDate "2006.06.01"]
[EventType "swiss"]
[EventRounds "9"]
[EventCountry "GRE"]
[SourceTitle "EXT 2024"]
[Source "ChessBase"]
[SourceDate "2023.10.10"]
[SourceVersion "1"]
[SourceVersionDate "2023.10.10"]
[SourceQuality "1"]

1. e4 c6 2. d4 d5 3. exd5 cxd5 4. Bd3 Nc6 5. c3 Qc7 6. Ne2 e6 7. Bf4 Bd6 8. Bxd6 Qxd6 9. Nd2 Nf6 10. 0-0 h5 11. f4 Ng4 12. Qe1 Bd7 13. h3 Ne3 14. Rf3 Nf5 15. Bxf5 exf5 16. Re3+ Be6 17. Nf3 0-0-0 18. Ne5 Nxe5 19. dxe5 Qb6 20. Qd2 Rhg8 21. Nd4 g5 22. fxg5 Rxg5 23. Re2 Rdg8 24. Kh1 Rg3 25. Qf4 Rxg2 26. Rxg2 Rxg2 27. b4 Rg6 28. Rf1 Kd7 29. Nxf5 Qc6 30. Qd4 Qc4 31. Qxc4 dxc4 32. Rd1+ Kc7 33. Nd6 Rg3 34. Rd4 a6 35. Nxc4 Rxh3+ 36. Kg2 Rxc3 37. Nd6 Rc2+ 38. Kg3 Rxa2 39. Kh4 Ra4 40. Kxh5 a5 41. Ne8+ Kb6 42. Rd6+ Ka7 43. b5 b6 44. Nc7 Ba2 45. Rd7 Kb8 46. Na6+ Kc8 47. Rc7+ Kd8 48. Rc6 Re4 49. Rxb6 Rxe5+ 50. Kh4 Bc4 51. Rb8+ Ke7 52. Nc7 Kd7 53. b6 a4 54. Ra8 Bb5 55. Nxb5 1/2-1/2